Toward New Horizons : Arab Economic Transformation amid Political Transition /

The changing political landscape in the Arab world has created opportunities for economic transformation by tackling long-standing economic issues. Nevertheless, three years after the onset of political transition, implementing necessary economic policies has proven to be challenging. This paper lay...

Πλήρης περιγραφή

Λεπτομέρειες βιβλιογραφικής εγγραφής
Κύριος συγγραφέας: Finger, Harald
Άλλοι συγγραφείς: Gressani, Daniela
Μορφή: Επιστημονικό περιοδικό
Γλώσσα:English
Έκδοση: Washington, D.C. : International Monetary Fund, 2014.
Σειρά:Departmental Papers; Departmental Paper ; No. 2014/004
Διαθέσιμο Online:Full text available on IMF
LEADER 01495cas a2200253 a 4500
001 AALejournalIMF014204
008 230101c9999 xx r poo 0 0eng d
020 |c 20.00 USD 
020 |z 9781484311462 
022 |a 2616-5333 
040 |a BD-DhAAL  |c BD-DhAAL 
100 1 |a Finger, Harald. 
245 1 0 |a Toward New Horizons :   |b Arab Economic Transformation amid Political Transition /  |c Harald Finger, Daniela Gressani. 
264 1 |a Washington, D.C. :  |b International Monetary Fund,  |c 2014. 
300 |a 1 online resource (113 pages) 
490 1 |a Departmental Papers 
500 |a <strong>Off-Campus Access:</strong> No User ID or Password Required 
500 |a <strong>On-Campus Access:</strong> No User ID or Password Required 
506 |a Electronic access restricted to authorized BRAC University faculty, staff and students 
520 3 |a The changing political landscape in the Arab world has created opportunities for economic transformation by tackling long-standing economic issues. Nevertheless, three years after the onset of political transition, implementing necessary economic policies has proven to be challenging. This paper lays out key elements of economic policy reform for Arab countries in transition. 
538 |a Mode of access: Internet 
700 1 |a Gressani, Daniela. 
830 0 |a Departmental Papers; Departmental Paper ;  |v No. 2014/004 
856 4 0 |z Full text available on IMF  |u http://elibrary.imf.org/view/journals/087/2014/004/087.2014.issue-004-en.xml  |z IMF e-Library